000 00520nam a2200181Ia 4500
005 20250326142127.0
008 250326s9999 xx 000 0 und d
037 _aTextbook
040 _aFMSL
_beng
_cFMSL
041 _aeng
_2eng
084 _aX:8C N6
_qFMSL
100 _aIndia Govt Of.....
245 0 _aNational accounts statistics 1970-71-1983-84
_cIndia Govt Of.....
260 _aNew Delhi
_bNew Delhi, Govt of India
_c1986
300 _a218p
942 _cTB
_hX:8C N6
999 _c1293567
_d1293567